000 00559nam a22001817a 4500
005 20150611151350.0
010 _aENG-112976
020 _c250.00
_a9789380357669
035 _aEN-96508
037 _bDBAD/PUB
082 _a881
100 _aPurkayastha, Debabrata Deb
245 _aThe voyage uncertain/
_cby Debabrata Deb Purkayastha
260 _aTripura
_bNaba Chandana Prakashani
_c2014
270 _bTripura
_e799002
_aRamanagar Road No-2 (West) P.O. Ramnagar, Agartala,
300 _a64p.
_c23cm(Hb)
942 _2ddc
_cEN
_mPUR
_h881
999 _c93541
_d93541